00418nam a22001457a 450000500170000000800410001702000150005804100120007308200120008510000130009724500590011026000500016930000280021965000250024720240830064347.0240830b |||||||| |||| 00| 0 eng d a0409018953 aEnglish a349 DIC lEnglish  aDictionary of Legal Words and Phrases / cC.J Claassen aDurban: bButterworth and Company Ltd, c1978 bv, 112 pages; c22 cm.  aLegal practice bLaw